000 00489nam a2200241Ia 4500
001 068292
003 YMCAF
005 20230512160512.0
008 100717s1981 ||||||||||||||||| ||und|d
020 _a-
024 _a68292
035 _a7755
040 _aYMCAF
_beng
_cIN-KoLT
041 _aeng
100 _aDRISCOLL, F
245 0 _aSOLID STATE DEVICES & APPLICATION
250 _a-
260 _b-
_c1981
300 _a475
653 _a-
653 _a-
942 _2ddc
_cBK
999 _c4963
_d4963